|
|
|
|
| LEADER |
01073naa a2200217 i 4500 |
| 001 |
acta54576 |
| 005 |
20230615112350.0 |
| 008 |
180719s2017 hu o 1|| hun d |
| 020 |
|
|
|a 963 482 366 1
|
| 040 |
|
|
|a SZTE Egyetemi Kiadványok Repozitórium
|b hun
|
| 041 |
|
|
|a hun
|
| 100 |
1 |
|
|a Haader Lea
|
| 245 |
1 |
0 |
|a Egy neurolingvisztikai eset a 16. század elejéről
|h [elektronikus dokumentum] :
|b az Apor- és a Lányi-kódex közös keze /
|c Haader Lea
|
| 260 |
|
|
|a Szegedi Tudományegyetem Magyar Nyelvészeti Tanszék
|b Szeged
|c 2017
|
| 300 |
|
|
|a 95-108
|
| 490 |
0 |
|
|a A nyelvtörténeti kutatások újabb eredményei
|v 9
|
| 650 |
|
4 |
|a Bölcsészettudományok
|
| 650 |
|
4 |
|a Nyelvek és irodalom
|
| 695 |
|
|
|a Neurolingvisztika, Kódex - magyar - 16. sz., Nyelvemlék - magyar - 16. sz., Olvasászavarok, Írászavarok, Nyelvtudomány, Nyelvtörténet - magyar, Nyelvészet - történeti
|
| 711 |
|
|
|a A nyelvtörténeti kutatások újabb eredményei (9.)
|c Szeged
|d 2016. április 27-28.
|
| 856 |
4 |
0 |
|u http://acta.bibl.u-szeged.hu/54576/1/nyelvtort_009_095-108.pdf
|z Dokumentum-elérés
|